VfL Wolfsburg Squad 2016-2017 - Statistics

General Stats
  • This quiz has been taken 6 times
  • The average score is 22 of 37
Answer Stats
# Position Nation Player % Correct
7 MF Italy Daniel Caligiuri
100%
1 GK Switzerland Diego Benaglio
100%
14 FW Poland Jakub Błaszczykowski
100%
25 FW Croatia Josip Brekalo
100%
10 MF Germany Julian Draxler
100%
27 MF Germany Maximilian Arnold
100%
34 DF Switzerland Ricardo Rodríguez
100%
8 MF Portugal Vieirinha
100%
13 DF Germany Yannick Gerhardt
100%
10 MF Turkey Yunus Mallı
100%
- Coach Netherlands Andries Jonker
67%
16 FW Brazil Bruno Henrique
67%
11 MF Germany Daniel Didavi
67%
- Coach Germany Dieter Hecking
67%
5 DF Netherlands Jeffrey Bruma
67%
23 MF France Josuha Guilavogui
67%
28 GK Belgium Koen Casteels
67%
22 MF Brazil Luiz Gustavo
67%
33 FW Germany Mario Gómez
67%
9 FW Cameroon Paul-Georges Ntep
67%
- Coach France Valérien Ismaël
67%
18 FW Nigeria Victor Osimhen
67%
25 MF Iran Ashkan Dejagah
33%
17 FW Spain Borja Mayoral
33%
6 DF Peru Carlos Ascues
33%
15 DF Germany Christian Träsch
33%
38 FW Belgium Ismail Azzaoui
33%
4 DF Germany Marcel Schäfer
33%
30 MF Germany Paul Seguin
33%
2 DF Germany Philipp Wollscheid
33%
36 GK Germany Phillip Menzel
33%
6 MF Curaçao Riechedly Bazoer
33%
31 DF Germany Robin Knoche
33%
24 DF Germany Sebastian Jung
33%
29 MF Germany Amara Condé
0%
21 DF Germany Jannes Horn
0%
20 GK Germany Max Grün
0%
No matching quizzes found
Score Distribution
Percent of People with Each Score
Percentile by Number Answered
Your Score History
You have not taken this quiz